000 01170cad a2200241 4500
001 L158514
008 000000n2002 000 0 eng u
035 _a(Sirsi) u158514
041 0 _aeng
100 _aSimms, Sally
245 4 _aThe Effect of Public Perception on Residential Property Values in Close Proximity to Electricity Distribution Equipment
_h[electronic resource]
260 _c2002
490 _aPacific Rim Real Estate Society Conference
520 _aPresents a literature review of previous studies carried out to determine the effects on property values and public health, and the methodology behind investigation into the effects of public and professional perceptions on the value of residential property in proximity to electricity distribution equipment.
650 _aPOWER CABLES
650 _aPYLONS
650 _aResidential property
_96266
650 2 4 _aPUBLIC PERCEPTION
650 2 4 _aHIGH VOLTAGE OVERHEAD TRANSMISSION LINES
690 _aRATING AND VALUATION
856 4 0 _uhttps://prres.net/Papers/Sims_Effect_Public_Perception_Values_Electricity_Equipment.pdf
_zView this item free of charge at http://prres.net
942 _n0
999 _c84615
_d84615